000
00296nam a2200145Ia 4500
100
_a
Kett/ P.W.
490
_v
1
942
_c
BK
654
_a
Motor
245
_a
Motor vehicle science
260
_b
Chapman & Hall Ltd
_a
London
_c
1982
082
_a
629.23
300
_a
292
546
_a
ENGLISH
999
_c
20725
_d
20725